| 000 | 01310nam a2200193 a 4500 | ||
|---|---|---|---|
| 001 | 000025554 | ||
| 005 | 20200930023855.0 | ||
| 008 | 110217s1964 xxu r 000 0 eng d | ||
| 040 |
_aDO-SdBNP _bspa _cBNPHU |
||
| 082 |
_axxxxx _bE19d |
||
| 245 | 0 | 0 |
_aEconomic development : _bevolution or revolution? / _cEdición e introducción Laura Randall. |
| 260 |
_aBoston : _bD.C. Heath, _c1964. |
||
| 300 |
_axv, 144 p. ; _c21 cm. |
||
| 490 | 1 | _aStudies in economics | |
| 500 | _aIncluye notas al pie de las páginas. | ||
| 505 | 0 |
_tSocial and economic revolution for the development of backward countries / _rJ.E.P. Belshaw. _tNationalism and economic development / _rYusif Sayigh. _tRevolution and economic development / _rCarter Goodrich. _tBrazil : what kind of revolution? / _rCelso Furtado. _tLand reform and the Alliance for Progress / _rEdmundo Flores. _tThe appeal of confiscation in economic development / _rMartin Bronfenbrenner. _tRevolution by stealth! : the case for sequential reforms / _rAlbert O. Hirschman. _tPlanning in the underdeveloped countries / _rGunnar Myrdal. _tPolitical ideology and economic progress : the basic question / _rWilfred Malenbaum and Wolfgang Stolper. _tEconomic development policies and Argentine economic growth / _rLaura Randall. |
|
| 830 | 0 |
_aStudies in economics _952225 |
|
| 049 | _aBNGR | ||
| 999 |
_c25046 _d25046 |
||